000 00490nam a2200193 a 4500
001 1757401823009
003 YourLibrary
005 20250909124817.0
008 250909s1985##################000#0#eng##
020 _a9780415136495
082 0 4 _a133.5
_bJUN
100 1 _aJung, C. G.,
_eauthor.
245 1 0 _aSynchronicity :
260 _bPsychology Press,
_c1985.
300 _a160 pages
650 0 _aBody, Mind & Spirit.
942 _cENGLISH
040 _aYourLibrary
_beng
_cYourLibrary
999 _c586086
_d586086